[Event "2nd Kolkata GM Open 2015"]
[Site "Kolkata IND"]
[Date "2015.03.23"]
[Round "8.15"]
[White "Lin, Chen"]
[Black "Kostenko, Petr"]
[Result "1-0"]
[WhiteTitle "IM"]
[BlackTitle "GM"]
[WhiteElo "2448"]
[BlackElo "2466"]
[WhiteFideId "8602298"]
[BlackFideId "13700669"]
[EventDate "2015.03.16"]

1. e4 e6 2. d4 d5 3. Nd2 Nf6 4. e5 Nfd7 5. Bd3 c5 6. c3 Nc6 7. Ne2 cxd4 8. cxd4
f6 9. exf6 Qxf6 10. Nf3 h6 11. O-O Bd6 12. Nc3 O-O 13. Be3 Rd8 14. Rc1 Nf8 15.
Re1 Bd7 16. Qb3 Be8 17. a3 a6 18. Na4 Rab8 19. Be2 Bh5 20. Qd1 Ng6 21. g3 Nge7
22. Ne5 Bxe2 23. Qxe2 Nxe5 24. dxe5 Qxe5 25. Bb6 Qxe2 26. Rxe2 Rdc8 27. Rxc8+
Rxc8 28. Rxe6 Rc1+ 29. Kg2 Nc8 30. b4 Kf7 31. Re3 Rc4 32. Rd3 Bxb4 33. axb4 Rxb4
34. Rd4 Rc4 35. Rxc4 dxc4 36. Kf3 Ke6 37. Ke4 Kd6 38. Bd4 g6 39. Nb6 Nxb6 40.
Bxb6 Kc6 41. Be3 h5 42. Kd4 b5 43. Bd2 Kb6 44. f3 a5 45. g4 hxg4 46. fxg4 a4 47.
h4 Kc6 48. h5 gxh5 49. gxh5 a3 50. h6 a2 51. Bc3 b4 52. Ba1 c3 53. Kd3 1-0

[Event "2nd Kolkata GM Open 2015"]
[Site "Kolkata IND"]
[Date "2015.03.23"]
[Round "8.16"]
[White "Swathi, Ghate"]
[Black "Swapnil, S. Dhopade"]
[Result "1/2-1/2"]
[WhiteTitle "WGM"]
[BlackTitle "IM"]
[WhiteElo "2242"]
[BlackElo "2450"]
[WhiteFideId "5003474"]
[BlackFideId "5019184"]
[EventDate "2015.03.16"]

1. e4 c5 2. Nf3 d6 3. d4 cxd4 4. Nxd4 Nf6 5. Nc3 g6 6. Be2 Bg7 7. O-O O-O 8. Re1
Nc6 9. Nb3 Be6 10. Bf1 Rc8 11. Nd5 Bxd5 12. exd5 Ne5 13. Be3 Qc7 14. c3 Nc4 15.
Rb1 b5 16. Bg5 a6 17. a4 bxa4 18. Nd2 Nxd2 19. Qxd2 Qb7 20. Ra1 Rb8 21. Rxa4
Qxb2 22. Qxb2 Rxb2 23. c4 Nd7 24. Rxa6 Bd4 25. Be3 Bxe3 26. Rxe3 Nc5 27. Ra7 e5
28. dxe6 fxe6 29. Re2 Rfb8 30. g3 R8b7 31. Ra8+ Kg7 32. Rd8 Rxe2 33. Bxe2 Rb6
34. h4 h5 35. f3 Kf6 36. g4 Ke5 37. gxh5 gxh5 38. Rh8 Rb2 39. Rxh5+ Kf4 40. Bf1
Kxf3 41. Rh8 Rd2 42. h5 Kg4 43. h6 Kg5 44. Bh3 Kg6 45. h7 Kg7 46. Re8 Kxh7 47.
Bxe6 Nxe6 48. Rxe6 Kg7 49. Kf1 Kf7 50. Re4 Kf6 51. Ke1 Rh2 52. Kd1 Kf5 53. Rd4
Ke5 54. Rg4 Ke6 55. Rd4 Rg2 56. Kc1 1/2-1/2

[Event "2nd Kolkata GM Open 2015"]
[Site "Kolkata IND"]
[Date "2015.03.23"]
[Round "8.17"]
[White "Rahman, Ziaur"]
[Black "Pradeep, Kumar R.A."]
[Result "1-0"]
[WhiteTitle "GM"]
[WhiteElo "2496"]
[BlackElo "2307"]
[WhiteFideId "10200037"]
[BlackFideId "5023181"]
[EventDate "2015.03.16"]

1. d4 Nf6 2. Bg5 g6 3. Nd2 Bg7 4. c3 d6 5. e4 e5 6. Ngf3 h6 7. Bh4 Nc6 8. Bb5
O-O 9. Bxc6 bxc6 10. dxe5 dxe5 11. O-O Ba6 12. Re1 Qe7 13. Qa4 Bd3 14. c4 g5 15.
Bg3 Nxe4 16. Nxe4 Bxe4 17. Rxe4 f5 18. Re2 f4 19. Qxc6 fxg3 20. hxg3 Rad8 21.
Rae1 Qd6 22. Qe4 Rfe8 23. b3 a5 24. Rd2 Qxd2 25. Nxd2 Rxd2 26. Qc6 Rf8 27. f3
Rxa2 28. Rd1 a4 29. bxa4 Rb8 30. Qg6 1-0

[Event "2nd Kolkata GM Open 2015"]
[Site "Kolkata IND"]
[Date "2015.03.23"]
[Round "8.18"]
[White "Vijayalakshmi, Subbaraman"]
[Black "Shyam, Sundar M."]
[Result "0-1"]
[WhiteTitle "IM"]
[BlackTitle "GM"]
[WhiteElo "2319"]
[BlackElo "2491"]
[WhiteFideId "5004098"]
[BlackFideId "5019141"]
[EventDate "2015.03.16"]

1. b3 Nf6 2. Bb2 e6 3. e3 c5 4. Nf3 b6 5. Be2 Bb7 6. O-O d6 7. c4 Nbd7 8. Nc3
Be7 9. d4 O-O 10. Qc2 a6 11. Rfd1 Qc7 12. Rac1 Rac8 13. Qb1 Qb8 14. e4 cxd4 15.
Nxd4 Qa8 16. f3 Kh8 17. Kh1 g5 18. Nc2 Rg8 19. Ne3 Rg6 20. Na4 Kg8 21. Ba3 Qb8
22. Qd3 Ne5 23. Qd4 g4 24. Nxb6 Rd8 25. Na4 Rh6 26. Nf1 gxf3 27. gxf3 Nh5 28.
Rc2 f5 29. Nc3 Rg6 30. Bc1 Rf8 31. Be3 fxe4 32. fxe4 Ng4 33. Bd3 Bf6 34. Qa7
Qxa7 35. Bxa7 Bxc3 36. Rxc3 Rf3 37. Bg1 Ne5 38. c5 Rxd3 39. c6 Bxc6 0-1

[Event "2nd Kolkata GM Open 2015"]
[Site "Kolkata IND"]
[Date "2015.03.23"]
[Round "8.19"]
[White "Saravana, Krishnan P."]
[Black "Das, Arghyadip"]
[Result "0-1"]
[BlackTitle "IM"]
[WhiteElo "2283"]
[BlackElo "2461"]
[WhiteFideId "5018382"]
[BlackFideId "5003610"]
[EventDate "2015.03.16"]

1. d4 Nf6 2. c4 e6 3. Nc3 Bb4 4. Bg5 h6 5. Bh4 b6 6. Nf3 g5 7. Bg3 Ne4 8. Qc2 f5
9. e3 Bxc3+ 10. bxc3 d6 11. Nd2 Bb7 12. f3 Nxg3 13. hxg3 Qf6 14. Bd3 Nc6 15. a4
h5 16. Nb3 a5 17. O-O-O O-O-O 18. Kb2 Ne7 19. e4 fxe4 20. fxe4 e5 21. d5 Kb8 22.
Ka3 Rdf8 23. Rdf1 Qg7 24. Rb1 c5 25. dxc6 Nxc6 26. Qe2 h4 27. g4 Qc7 28. Rb2 Ka7
29. Rhb1 Rb8 30. Qe3 Ba6 31. Qxg5 h3 32. gxh3 Rxh3 33. Qd2 Nd8 34. Bf1 Rg3 35.
c5 Bxf1 36. Rxf1 dxc5 37. c4 Rxg4 38. Qd5 Rg7 39. Rd2 Nc6 40. Rdf2 Rd8 41. Qe6
Re7 42. Qg6 Rd3 43. Kb2 Rd6 44. Qg8 Rd8 45. Qg6 Nb4 46. Rf7 Nd3+ 47. Ka3 Nf4 48.
Rxe7 Qxe7 49. Qh6 Qf7 50. Qc6 Qd7 51. Qf6 Qd6 52. Qg5 Rd7 53. Rh1 Qe6 54. Rc1
Rd3 55. Qg7+ Rd7 56. Qg5 Ka6 57. Rc3 Ne2 58. Rc2 Rd3 59. Ka2 Qc6 60. Ka3 Rxb3+
61. Kxb3 Nd4+ 62. Kb2 Nxc2 63. Kxc2 Qxa4+ 0-1

[Event "2nd Kolkata GM Open 2015"]
[Site "Kolkata IND"]
[Date "2015.03.23"]
[Round "8.20"]
[White "Santu, Mondal"]
[Black "Narayanan, Srinath"]
[Result "0-1"]
[BlackTitle "IM"]
[WhiteElo "2166"]
[BlackElo "2459"]
[WhiteFideId "5025354"]
[BlackFideId "5018420"]
[EventDate "2015.03.16"]

1. d4 Nf6 2. Nf3 g6 3. c4 Bg7 4. g3 O-O 5. Bg2 d6 6. Nc3 Nbd7 7. O-O e5 8. e4
exd4 9. Nxd4 Re8 10. h3 a6 11. Re1 Rb8 12. Be3 Ne5 13. b3 Nfd7 14. f4 Nc6 15.
Nxc6 bxc6 16. Bd4 Nf6 17. e5 Nh5 18. Bxc6 Be6 19. Bd7 Qxd7 20. Qg4 Rbd8 21. Rad1
dxe5 22. Bxe5 Qe7 23. Kg2 f6 24. Rxd8 Qxd8 25. Rd1 Qa8+ 26. Nd5 fxe5 27. Kh2
exf4 28. gxf4 Qa7 29. Rd2 c6 0-1

[Event "2nd Kolkata GM Open 2015"]
[Site "Kolkata IND"]
[Date "2015.03.24"]
[Round "9.1"]
[White "Short, Nigel D"]
[Black "Lu, Shanglei"]
[Result "1/2-1/2"]
[WhiteTitle "GM"]
[BlackTitle "GM"]
[WhiteElo "2664"]
[BlackElo "2570"]
[WhiteFideId "400025"]
[BlackFideId "8603332"]
[EventDate "2015.03.16"]

1. c4 e6 2. g3 Nf6 3. Bg2 d5 4. Nf3 g6 5. d4 Bg7 6. O-O O-O 7. Qc2 Nc6 8. Rd1
Ne7 9. Nbd2 c6 10. a4 a5 11. b3 b6 12. Ba3 Bb7 13. Rac1 Rc8 14. Qb1 Re8 15. e3
Nd7 16. e4 c5 17. exd5 exd5 18. cxd5 Bxd5 19. dxc5 Nxc5 20. Nc4 Qc7 21. Nd4 Bxg2
22. Kxg2 Rcd8 23. Nb5 Qc6+ 24. Kg1 Rxd1+ 25. Rxd1 Nf5 26. Bxc5 Qxc5 27. Qd3 h5
28. Kg2 Bd4 29. Rd2 Qc6+ 30. Qf3 Qxf3+ 31. Kxf3 Bc5 32. Rd1 Re6 33. h3 Kg7 34.
g4 hxg4+ 35. hxg4 Ne7 36. Rd2 g5 37. Nbd6 Ng6 38. Nf5+ Kf6 39. Nce3 Bxe3 40.
Nxe3 Ne5+ 41. Ke4 1/2-1/2

[Event "2nd Kolkata GM Open 2015"]
[Site "Kolkata IND"]
[Date "2015.03.24"]
[Round "9.2"]
[White "Ganguly, Surya Shekhar"]
[Black "Ortiz Suarez, Isan Reynaldo"]
[Result "1-0"]
[WhiteTitle "GM"]
[BlackTitle "GM"]
[WhiteElo "2603"]
[BlackElo "2625"]
[WhiteFideId "5002150"]
[BlackFideId "3507165"]
[EventDate "2015.03.16"]

1. e4 c5 2. Nf3 d6 3. d4 cxd4 4. Nxd4 Nf6 5. Nc3 a6 6. Be2 e5 7. Nb3 Be7 8. O-O
O-O 9. Be3 Be6 10. Qd3 Nbd7 11. Nd5 Bxd5 12. exd5 h6 13. c4 a5 14. Rad1 Ne8 15.
Bg4 a4 16. Nd2 Nc5 17. Qc2 Nf6 18. Bh3 Qa5 19. Nb1 Nfd7 20. Bd2 Qd8 21. b4 axb3
22. axb3 Bg5 23. b4 Na6 24. Bc3 g6 25. Nd2 f5 26. g3 Bf6 27. g4 Bg7 28. gxf5 Qh4
29. Qd3 gxf5 30. Kh1 e4 31. Rg1 Nf6 32. Qg3 Qxg3 33. Rxg3 Nh5 34. Rxg7+ Nxg7 35.
Rg1 Rf7 36. Nxe4 Nxb4 37. Nxd6 Ra3 38. Bxb4 Rxh3 39. Nxf7 Kxf7 40. Re1 Rh4 41.
Re7+ Kf6 42. Rc7 Kg6 43. d6 Ne6 44. Re7 Nd8 45. d7 Rd4 46. Ba5 Rd1+ 47. Kg2 b6
48. Bxb6 Nb7 49. c5 Nxc5 50. d8=Q 1-0

[Event "2nd Kolkata GM Open 2015"]
[Site "Kolkata IND"]
[Date "2015.03.24"]
[Round "9.3"]
[White "Wang, Chen"]
[Black "Gopal, G.N."]
[Result "1/2-1/2"]
[WhiteTitle "IM"]
[BlackTitle "GM"]
[WhiteElo "2500"]
[BlackElo "2575"]
[WhiteFideId "8601020"]
[BlackFideId "5015693"]
[EventDate "2015.03.16"]

1. e4 c5 2. Nc3 d6 3. f4 g6 4. Nf3 Bg7 5. Bb5+ Bd7 6. O-O Bxb5 7. Nxb5 Nc6 8. d3
Qd7 9. Kh1 f5 10. Qe2 Nh6 11. Ng5 a6 12. Na3 O-O 13. Nc4 Rae8 14. a4 b5 15. Ne3
e6 16. c3 Nf7 17. Nf3 Kh8 18. Qc2 Qb7 19. Bd2 Rb8 20. Rab1 Rfe8 21. Rfe1 Qd7 22.
b4 Kg8 23. Qa2 Ne7 24. Nc2 fxe4 25. dxe4 c4 26. Rbd1 e5 27. Qa3 Nc6 28. Bc1 Rf8
29. Rf1 exf4 30. Bxf4 Nfe5 31. Bxe5 Nxe5 32. axb5 axb5 33. Ncd4 Nd3 34. Qa2 d5
35. exd5 Ra8 36. Qe2 Rfe8 37. Qd2 Qxd5 38. Ra1 h6 39. h3 Kh7 40. Rxa8 Rxa8 41.
Qe3 Qd7 42. Qe4 Re8 43. Qh4 Kg8 44. Ra1 Ne5 45. Nxe5 Rxe5 46. Qg3 Kh7 47. Ra6
Qe8 48. Ra7 Re1+ 49. Kh2 Re7 50. Rxe7 Qxe7 51. Nc6 Qe4 52. Qc7 g5 53. Qd7 Qf4+
54. g3 Qf2+ 55. Kh1 Qf1+ 56. Kh2 Qe2+ 57. Kh1 Qe4+ 58. Kh2 Qc2+ 59. Kh1 h5 60.
Nd4 Qd1+ 61. Kh2 Qd2+ 62. Kh1 Qe1+ 63. Kg2 Qd2+ 64. Kh1 Qe1+ 1/2-1/2

[Event "2nd Kolkata GM Open 2015"]
[Site "Kolkata IND"]
[Date "2015.03.24"]
[Round "9.4"]
[White "Rathnakaran, K."]
[Black "Sandipan, Chanda"]
[Result "0-1"]
[WhiteTitle "IM"]
[BlackTitle "GM"]
[WhiteElo "2411"]
[BlackElo "2569"]
[WhiteFideId "5005507"]
[BlackFideId "5004225"]
[EventDate "2015.03.16"]

1. e4 e5 2. Nf3 Nc6 3. Bc4 Bc5 4. c3 Nf6 5. d3 O-O 6. Bb3 d5 7. Qe2 Be6 8. Bg5
Be7 9. Nbd2 h6 10. Bh4 Nh5 11. Bxe7 Qxe7 12. g3 dxe4 13. dxe4 Bh3 14. O-O-O Nf6
15. Nh4 Qc5 16. Kb1 Ng4 17. f3 Nf2 18. g4 Rad8 19. Bd5 Nxh1 20. Rxh1 Ne7 21. Nb3
Qd6 22. Bc4 Qf6 23. Nf5 Ng6 24. Rg1 Nf4 25. Qe3 Qb6 26. Nc5 Rd6 27. a4 a5 28.
Ne7+ Kh8 29. Nd5 Nxd5 30. exd5 c6 31. Re1 cxd5 32. Bb5 f6 33. Qg1 Rc8 34. b4 d4
35. Qg3 dxc3 36. Qxh3 Rxc5 37. bxc5 Qxc5 38. Re2 c2+ 39. Rxc2 Rd1+ 0-1

[Event "2nd Kolkata GM Open 2015"]
[Site "Kolkata IND"]
[Date "2015.03.24"]
[Round "9.5"]
[White "Sengupta, Deep"]
[Black "Stupak, Kirill"]
[Result "1-0"]
[WhiteTitle "GM"]
[BlackTitle "GM"]
[WhiteElo "2567"]
[BlackElo "2567"]
[WhiteFideId "5008352"]
[BlackFideId "13503758"]
[EventDate "2015.03.16"]

1. e4 e6 2. d4 d5 3. Nc3 Bb4 4. e5 Qd7 5. a3 Bxc3+ 6. bxc3 b6 7. Qg4 f5 8. Qg3
Ba6 9. Bxa6 Nxa6 10. Ne2 Qf7 11. Qd3 Nb8 12. c4 Ne7 13. cxd5 exd5 14. h4 Nbc6
15. h5 Nd8 16. Bg5 Ne6 17. Bxe7 Kxe7 18. a4 a5 19. Qa3+ Ke8 20. Rb1 Qd7 21. Rb5
Qc6 22. Kd2 Qc4 23. Qa1 Rd8 24. Rhb1 f4 25. R1b3 Qc6 26. Qh1 Qc4 27. Qa1 Qc6 28.
Rc3 Qd7 29. Rd3 Qc6 30. Qa2 Qc4 31. Qa3 Qc6 32. Qb3 Qc4 33. Qa3 Qc6 34. Rc3 Qd7
35. Rf3 Rf8 36. Qd3 Qf7 37. Qb3 Qd7 38. Rd3 Rf5 39. Nc3 c5 40. dxc5 Nxc5 41.
Rxc5 bxc5 42. Nxd5 Qc6 43. Nf6+ Ke7 44. Rxd8 Rxe5 45. Rd7+ Kxf6 46. Qf7+ Kg5 47.
Qxg7+ Kh4 48. Rd3 Rg5 49. Rh3+ Kg4 50. f3+ Kf5 51. Qxh7+ Ke5 52. Qe7+ Kf5 53.
Qe4+ Qxe4 54. fxe4+ Kxe4 55. Rh2 Rd5+ 56. Ke2 Rd7 57. h6 Rh7 58. Rh4 c4 59. c3
Kf5 60. Kf3 Kg5 61. Rh1 1-0

[Event "2nd Kolkata GM Open 2015"]
[Site "Kolkata IND"]
[Date "2015.03.24"]
[Round "9.6"]
[White "Lin, Chen"]
[Black "Kokarev, Dmitry"]
[Result "0-1"]
[WhiteTitle "IM"]
[BlackTitle "GM"]
[WhiteElo "2448"]
[BlackElo "2638"]
[WhiteFideId "8602298"]
[BlackFideId "4132181"]
[EventDate "2015.03.16"]

1. e4 c5 2. Nf3 d6 3. d4 Nf6 4. Nc3 cxd4 5. Nxd4 a6 6. Bc4 e6 7. O-O Nc6 8. Be3
Be7 9. f4 O-O 10. Bb3 Nxd4 11. Bxd4 b5 12. e5 dxe5 13. fxe5 Nd7 14. Ne4 Bb7 15.
Nd6 Bxd6 16. exd6 Qg5 17. Qe2 Nf6 18. Bxf6 gxf6 19. Rad1 Rad8 20. Qf2 f5 21. Rd3
Kh8 22. c3 Rd7 23. Qd2 Qg7 24. Bd1 Be4 25. Rg3 Qe5 26. Qh6 Rg8 27. Rf4 Rxg3 28.
hxg3 Qg7 29. Qxg7+ Kxg7 30. Bf3 e5 31. Rh4 Bxf3 32. gxf3 Rxd6 33. Rb4 Rc6 34.
Rh4 Kg6 35. a4 Rc4 36. axb5 axb5 37. Rh2 b4 38. Rc2 bxc3 39. bxc3 Kg5 40. Kf2 f4
41. g4 h5 42. gxh5 f5 43. Ke2 e4 44. Kf2 Kxh5 45. Rc1 Kg5 0-1

[Event "2nd Kolkata GM Open 2015"]
[Site "Kolkata IND"]
[Date "2015.03.24"]
[Round "9.7"]
[White "Quesada Perez, Yuniesky"]
[Black "Deepan, Chakkravarthy J."]
[Result "1-0"]
[WhiteTitle "GM"]
[BlackTitle "GM"]
[WhiteElo "2637"]
[BlackElo "2476"]
[WhiteFideId "3504409"]
[BlackFideId "5011132"]
[EventDate "2015.03.16"]

1. e4 c5 2. Nf3 d6 3. d4 cxd4 4. Nxd4 Nf6 5. Nc3 a6 6. h3 e6 7. g4 Nfd7 8. Bg2
Nc6 9. O-O Be7 10. Nce2 Qc7 11. c3 Rb8 12. f4 O-O 13. f5 Nde5 14. Nf4 Bh4 15.
fxe6 fxe6 16. Ndxe6 Bxe6 17. Nxe6 Rxf1+ 18. Qxf1 Qd7 19. Nf4 Rf8 20. Qd1 Bg3 21.
Nd5 h5 22. Ne3 hxg4 23. Nf5 Rxf5 24. exf5 Qxf5 25. Qd5+ Kh8 26. Be3 Ne7 27. Qe4
gxh3 28. Rf1 Qxe4 29. Bxe4 Kg8 30. Bxb7 g6 31. Be4 Kg7 32. Bg5 Nf5 33. Bxf5 gxf5
34. Bf4 h2+ 35. Kh1 1-0

[Event "2nd Kolkata GM Open 2015"]
[Site "Kolkata IND"]
[Date "2015.03.24"]
[Round "9.8"]
[White "Lalith, Babu M.R."]
[Black "Laxman, R.R."]
[Result "1/2-1/2"]
[WhiteTitle "GM"]
[BlackTitle "GM"]
[WhiteElo "2556"]
[BlackElo "2375"]
[WhiteFideId "5024595"]
[BlackFideId "5005361"]
[EventDate "2015.03.16"]

1. d4 Nf6 2. c4 e6 3. Nf3 b6 4. g3 Bb7 5. Bg2 Be7 6. O-O c6 7. Nc3 d5 8. Qc2 O-O
9. Rd1 Na6 10. Bf4 dxc4 11. Ne5 Nb4 12. Qc1 Nbd5 13. Nxc4 Nxf4 14. Qxf4 Nd5 15.
Qd2 Rc8 16. Rac1 c5 17. dxc5 Rxc5 18. Nxd5 Bxd5 19. Bxd5 Rxd5 20. Qc2 Rxd1+ 21.
Rxd1 Qc7 22. Qa4 Rd8 23. Rxd8+ Qxd8 24. Ne5 Bd6 25. Nd3 a5 26. Qb5 g6 27. a4 Qc7
28. b3 h5 29. Kg2 Kg7 30. Kf3 Kf6 31. h3 Ke7 32. e4 Qc3 33. Qc4 Be5 34. Ke3 Qa1
35. h4 Qc3 36. f4 Qxc4 37. bxc4 Bc3 38. e5 Kd7 39. Kf3 Bb4 40. Nf2 Be7 41. Ne4
Kc7 42. Kg2 Kd7 43. Kh3 Ke8 44. g4 hxg4+ 45. Kxg4 Bb4 46. Kg5 Be7+ 47. Kg4 Bb4
48. Kf3 Be7 49. Kg3 Ba3 50. Nf6+ Ke7 51. Kg4 Bc1 52. Kg5 Bd2 53. Ne4 Be3 54. Kg4
Kd7 55. Kf3 Bd4 56. Ke2 Bg1 57. Kd3 Ke7 58. Nf6 Bf2 59. h5 gxh5 60. Nxh5 Bh4 61.
c5 bxc5 62. Kc4 Kf8 63. Kxc5 Kg8 64. Nf6+ Kg7 65. Kb5 Be1 66. Ne4 Kg6 67. Nd6
Bc3 68. Nc4 Kf5 69. Nxa5 Kxf4 70. Nc6 Kf5 71. Kc4 Be1 72. Kc5 f6 73. Nd4+ Kg6
74. Nf3 Bf2+ 75. Kc6 Kf5 76. exf6 Kxf6 77. a5 e5 78. Nd2 Kf5 79. Kd5 Kf4 80. a6
Ba7 81. Ne4 Kf5 82. Nc5 Kf6 83. Kc6 Kf5 84. Kd5 Kf6 85. Ne4+ Kf5 86. Nd6+ Kf4
87. Nb5 Bg1 88. Nc7 Kf5 89. Nb5 Kf4 90. Nd6 Ba7 91. Nb5 Bg1 92. Kc4 Kf5 93. Nc3
Ke6 94. Ne4 Kd7 95. Nc5+ Bxc5 96. Kxc5 Kc7 97. Kd5 Kb6 98. Kxe5 Ka7 1/2-1/2

[Event "2nd Kolkata GM Open 2015"]
[Site "Kolkata IND"]
[Date "2015.03.24"]
[Round "9.9"]
[White "Neelotpal, Das"]
[Black "Kotsur, Pavel"]
[Result "1/2-1/2"]
[WhiteTitle "GM"]
[BlackTitle "GM"]
[WhiteElo "2446"]
[BlackElo "2567"]
[WhiteFideId "5003512"]
[BlackFideId "13700278"]
[EventDate "2015.03.16"]

1. e4 e6 2. d4 d5 3. Nc3 Nf6 4. Bg5 dxe4 5. Nxe4 Nbd7 6. Nf3 h6 7. Nxf6+ Nxf6 8.
Be3 Bd6 9. Bd3 b6 10. Ne5 O-O 11. Qf3 Nd5 12. Bd2 Bb7 13. Qe4 f5 14. Qe2 Nb4 15.
Bxb4 Bxb4+ 16. c3 Bd6 17. O-O-O Bxe5 18. Qxe5 Qd5 19. Rhe1 Rfe8 20. a3 Qxe5 21.
Rxe5 Bxg2 22. Rde1 Kf7 23. Bc4 Bd5 24. Bxd5 exd5 25. Kd2 g6 26. Rxd5 Rxe1 27.
Kxe1 Re8+ 28. Kf1 Kf6 29. Rd7 Re7 30. Rd8 a5 31. d5 Ke5 32. d6 1/2-1/2

[Event "2nd Kolkata GM Open 2015"]
[Site "Kolkata IND"]
[Date "2015.03.24"]
[Round "9.10"]
[White "Satyapragyan, Swayangsu"]
[Black "Kovalev, Vladislav"]
[Result "0-1"]
[WhiteTitle "IM"]
[BlackTitle "GM"]
[WhiteElo "2394"]
[BlackElo "2531"]
[WhiteFideId "5004306"]
[BlackFideId "13504398"]
[EventDate "2015.03.16"]

1. e4 e5 2. Nf3 Nc6 3. Bb5 a6 4. Ba4 Nf6 5. O-O Be7 6. d3 b5 7. Bb3 d6 8. a3 O-O
9. Nc3 Bg4 10. Be3 Nd4 11. Bxd4 exd4 12. Nd5 Nd7 13. h3 Bxf3 14. Qxf3 c6 15. Nf4
Nc5 16. Ba2 a5 17. Ne2 Bf6 18. Ng3 Be5 19. Nf5 g6 20. Nh6+ Kg7 21. Ng4 Qh4 22.
Qe2 h5 23. Nh2 Bxh2+ 24. Kxh2 f5 25. f3 a4 26. Rae1 Rae8 27. Qd2 f4 28. Qa5 Qd8
29. Qb4 Qf6 30. e5 Rxe5 31. Rxe5 Qxe5 32. Re1 Qf6 33. Qa5 Qd8 34. Qb4 Qf6 35.
Qa5 Qd8 36. Qb4 Qf6 37. Qa5 Rc8 38. Qa7+ Kf8 39. Qa5 g5 40. Kg1 Re8 41. Rxe8+
Kxe8 42. Qc7 Nd7 43. Qxc6 Qe5 44. Qd5 Qxd5 45. Bxd5 Ne5 46. Kf2 Kd7 47. Ke2 Kc7
48. c3 Kb6 49. cxd4 Nc6 50. Kf2 Nxd4 51. h4 gxh4 52. Bf7 b4 53. Bxh5 bxa3 54.
bxa3 Nc2 55. Be8 Ka5 56. Kg1 Nxa3 57. Kh2 Nb5 58. Kh3 a3 59. Bf7 Nc3 0-1

[Event "2nd Kolkata GM Open 2015"]
[Site "Kolkata IND"]
[Date "2015.03.24"]
[Round "9.11"]
[White "Das, Sayantan"]
[Black "Oral, Tomas"]
[Result "1/2-1/2"]
[WhiteTitle "IM"]
[BlackTitle "GM"]
[WhiteElo "2433"]
[BlackElo "2519"]
[WhiteFideId "5034426"]
[BlackFideId "303739"]
[EventDate "2015.03.16"]

1. e4 c5 2. Nf3 e6 3. d4 cxd4 4. Nxd4 Nc6 5. Nc3 a6 6. Nxc6 bxc6 7. Bd3 d5 8.
O-O Nf6 9. e5 Nd7 10. Re1 g6 11. b3 Bb7 12. Bb2 Bg7 13. Nb1 Qc7 14. Qe2 O-O 15.
Nd2 c5 16. Rab1 a5 17. a4 Nb6 18. c4 Rfd8 19. f4 Bh6 20. Rf1 dxc4 21. Nxc4 Nxc4
22. Bxc4 Bd5 23. Rbc1 Qb7 24. Bc3 Rd7 25. Rb1 Qb6 26. Rb2 Rb8 27. Qe1 Qa7 28.
Qe2 Bxc4 29. bxc4 Rxb2 30. Qxb2 Rd3 31. Qc2 Qd7 32. g3 g5 33. Bxa5 gxf4 34. gxf4
Qd4+ 35. Kh1 Qe4+ 36. Qg2+ Qxg2+ 37. Kxg2 Ra3 38. Bb6 Rxa4 39. Bxc5 Rxc4 40. Be3
f6 41. exf6 Kf7 42. Kf3 Kxf6 1/2-1/2

[Event "2nd Kolkata GM Open 2015"]
[Site "Kolkata IND"]
[Date "2015.03.24"]
[Round "9.12"]
[White "Sriram, Jha"]
[Black "Rahman, Ziaur"]
[Result "0-1"]
[WhiteTitle "GM"]
[BlackTitle "GM"]
[WhiteElo "2409"]
[BlackElo "2496"]
[WhiteFideId "5001668"]
[BlackFideId "10200037"]
[EventDate "2015.03.16"]

1. d4 d5 2. Nf3 e6 3. c4 c6 4. Qc2 dxc4 5. Qxc4 Nf6 6. Bg5 b5 7. Qc2 Bb7 8. Nbd2
Nbd7 9. e4 a6 10. Be2 h6 11. Bh4 Rc8 12. O-O g5 13. Bg3 Nh5 14. Qc3 Nxg3 15.
hxg3 Bg7 16. b4 c5 17. bxc5 g4 18. e5 gxf3 19. Bxf3 Bxf3 20. gxf3 O-O 21. Ne4
Nb6 22. Nd6 Nd5 23. Qb3 Rc7 24. f4 Kh8 25. f5 Rg8 26. Qf3 Qg5 27. fxe6 fxe6 28.
Nf7+ Rxf7 29. Qxf7 Qg4 30. Rad1 Rf8 31. Qb7 Qf3 32. Rb1 Qe4 33. Rb3 Rf5 34. g4
Rf8 35. Rg3 Qxd4 36. Qxa6 Qxc5 37. Qd6 Qc8 38. g5 h5 39. g6 Nf4 40. Qd1 Rf5 41.
Re1 Qa8 42. Kh2 Nd5 43. Qd2 Qf8 44. Kg1 Kg8 45. Rg5 Nf4 46. Rxf5 Qxf5 47. Qd8+
Bf8 48. Qh4 Be7 49. Qg3 Bb4 50. Re3 Bd2 51. Qh4 Bxe3 52. Qd8+ Qf8 53. Qd7 Ne2+ 0-1

[Event "2nd Kolkata GM Open 2015"]
[Site "Kolkata IND"]
[Date "2015.03.24"]
[Round "9.13"]
[White "Shyam, Sundar M."]
[Black "Xu, Yinglun"]
[Result "0-1"]
[WhiteTitle "GM"]
[WhiteElo "2491"]
[BlackElo "2443"]
[WhiteFideId "5019141"]
[BlackFideId "8604940"]
[EventDate "2015.03.16"]

1. c4 e6 2. d4 d5 3. Nc3 Be7 4. Nf3 Nf6 5. Bf4 O-O 6. e3 b6 7. Bd3 Bb7 8. O-O c5
9. dxc5 bxc5 10. cxd5 exd5 11. Qc2 Nbd7 12. Rfd1 g6 13. Ne5 Nxe5 14. Bxe5 Bd6
15. Bxd6 Qxd6 16. Be2 Rfc8 17. Bf3 Rab8 18. Rd2 d4 19. Bxb7 Rxb7 20. Ne2 Ng4 21.
Ng3 Qb8 22. e4 c4 23. Rc1 c3 24. Rxd4 Rxb2 25. Qd3 Rd2 26. Qf3 Rxd4 27. Qxg4 c2
28. h4 h5 29. Qg5 Rd1+ 30. Kh2 Rxc1 31. Qxc1 Qb1 0-1

[Event "2nd Kolkata GM Open 2015"]
[Site "Kolkata IND"]
[Date "2015.03.24"]
[Round "9.14"]
[White "Harsha, Bharathakoti"]
[Black "Kunte, Abhijit"]
[Result "1/2-1/2"]
[BlackTitle "GM"]
[WhiteElo "2301"]
[BlackElo "2485"]
[WhiteFideId "5078776"]
[BlackFideId "5002265"]
[EventDate "2015.03.16"]

1. d4 Nf6 2. c4 e6 3. Nc3 Bb4 4. Qc2 d6 5. Nf3 O-O 6. Bd2 b6 7. e4 Bb7 8. Bd3
Nbd7 9. O-O e5 10. a3 Bxc3 11. Bxc3 Re8 12. Rfe1 a5 13. b3 exd4 14. Nxd4 Nc5 15.
f3 Nfd7 16. Bf1 Ne5 17. b4 axb4 18. axb4 Ncd7 19. Qd2 f6 20. Nf5 Nf8 21. Ne3 Qd7
22. Nd5 h5 23. f4 Nf7 24. Qf2 Rxa1 25. Bxa1 Bxd5 26. cxd5 Qa4 27. Qd2 c5 28.
dxc6 Qxc6 29. b5 Qb7 30. g3 Rxe4 31. Rc1 Qe7 32. Bd4 h4 33. Bxb6 hxg3 34. hxg3
g5 35. Bd3 Ra4 36. Rc7 Qe6 37. Ra7 Rxa7 38. Bxa7 Nd7 39. Qe2 Qh3 40. Qg2 Qg4 41.
Be2 Qf5 42. Qf3 Kf8 43. Bd4 gxf4 44. gxf4 Qb1+ 45. Kg2 Qb4 46. Bc3 Qb3 47. Bd4
Qb4 48. Qe4 Qb3 1/2-1/2